| 000 | 00473nam a22001577a 4500 | ||
|---|---|---|---|
| 008 | 150609b xxu||||| |||| 00| 0 eng d | ||
| 020 | _a0413484904 | ||
| 050 |
_aPR 6066.l53 _b.A19 1975 |
||
| 100 | _aPinter, Harold | ||
| 245 |
_aPlays : _cHarold Pinter _bfour / |
||
| 260 |
_aLondon _bEyre Methuen _c1975 |
||
| 300 |
_avii, 296 ; _b19 cm. |
||
| 440 | _aOld Times, No Man's Land, Betrayal, Monologue, Family Voices | ||
| 650 | _aTheatrical Plays | ||
| 942 |
_2lcc _cBK |
||
| 999 |
_c284806 _d284806 |
||